书目信息 |
| 题名: |
苏州古典园林史
|
|
| 作者: | 魏嘉瓒, 著 | |
| 分册: | ||
| 出版信息: | 上海 三联书店 2005.11 |
|
| 页数: | 463页 | |
| 开本: | 23cm | |
| 丛书名: | ||
| 单 册: | ||
| 中图分类: | TU986.625 | |
| 科图分类: | ||
| 主题词: | 古典园林--gu dian yuan lin--建筑史--江苏省--苏州市 | |
| 电子资源: | ||
| ISBN: | 7-5426-2201-3 | |
| 000 | 00642cam 2200217 450 | |
| 001 | 0662461430 | |
| 005 | 20060605092419.28 | |
| 010 | @a7-5426-2201-3@dCNY56.00 | |
| 099 | @aCAL 012005145532 | |
| 100 | @a20060103d2005 mk y0chiy0120 ea | |
| 101 | 0 | @achi |
| 102 | @aCN@b310000 | |
| 200 | 1 | @a苏州古典园林史@Asu zhou gu dian yuan lin shi@f魏嘉瓒著 |
| 210 | @a上海@c三联书店@d2005.11 | |
| 215 | @a463页@c图, 摹真@d23cm | |
| 606 | 0 | @a古典园林@Agu dian yuan lin@x建筑史@y江苏省@y苏州市 |
| 690 | @aTU986.625@v4 | |
| 701 | 0 | @a魏嘉瓒,@Awei jia zan@f1941-@4著 |
| 801 | 0 | @aCN@bPUL@c20060605 |
| 905 | @dTU986.625@eW589 | |
| 906 | @dCNY56.00@n3@r1 | |
| 苏州古典园林史/魏嘉瓒著.-上海:三联书店,2005.11 |
| 463页:图, 摹真;23cm |
| ISBN 7-5426-2201-3:CNY56.00 |
| ● |
| 相关链接 |
|
|
|
正题名:苏州古典园林史
索取号:TU986.625/W589
 
预约/预借
| 序号 | 登录号 | 条形码 | 馆藏地/架位号 | 状态 | 备注 |
| 1 | 607538 | 206075389 | 建筑库201/201建筑库 120排1列4层/ [索取号:TU986.625/W589] | 在馆 |